Introduction to simulation using SIMAN

I tiakina i:
Ngā taipitopito rārangi puna kōrero
Ngā kaituhi matua: Pegden, Claude Dennis (Author), Shannon, Robert (Author), Sadowski, Randall P (Author)
Hōputu: Pukapuka
Reo:Ingarihi
I whakaputaina: Nueva York McGraw Hill 1995
Putanga:2a. ed
Ngā marau:
Ngā Tūtohu: Tāpirihia he Tūtohu
Kāore He Tūtohu, Me noho koe te mea tuatahi ki te tūtohu i tēnei pūkete!

MARC

LEADER 00000nam a2200000 a 4500
001 UCK2455
003 CL-VaPUC
008 050113e19950000US |||||||||||||||||eng|d
020 |a 0070493200 
082 0 4 |a 003.35133  |b PEG  |2 21 
100 0 |a Pegden, Claude Dennis  |e author  |9 490295 
700 0 |a Shannon, Robert  |e author  |9 490296 
700 0 |a Sadowski, Randall P  |e author  |9 490297 
245 1 0 |a Introduction to simulation using SIMAN 
250 |a 2a. ed 
300 |a 600 p 
942 |c BK 
945 |d 20050113 00:00:00  |a vberengu 
260 |a Nueva York  |b McGraw Hill  |c 1995 
650 0 |a Simulación por computador  |9 260988 
650 0 |a Lenguajes de programación   |9 259458 
583 |a last modification  |c 20050113 00:00:00  |k Rodrigo Vera 
999 |c 311971  |d 311969 
952 |0 0  |1 0  |4 0  |6 003_351330000000000_PEG_1995  |7 0  |8 A  |9 381745  |a BIBING  |b BIBING  |d 2019-11-21  |i 4093526  |o 003.35133 PEG 1995  |p 4093526  |r 2024-01-25  |w 2019-11-21  |y BK  |k EII 
952 |0 0  |1 0  |4 0  |6 003_351330000000000_PEG_1995  |7 0  |8 A  |9 381746  |a BIBING  |b BIBING  |d 2019-11-21  |i 4093534  |o 003.35133 PEG 1995  |p 4093534  |r 2024-01-25  |w 2019-11-21  |y BK  |k EII